00385nam a22001457a 450000500170000001000130001703500130003003700340004308200100007724500540008725000090014126000450015030000250019570000190022020181022172737.0 aB-158651 aB-158651 bA.P.H. Publishing Corporation a370.3 aDictionary of education/cedited by Ramesh Shukla a2005 aNew DelhibA.P.H. Publishing Corporation a246 p.b22 C.m. (HB) aShukla, Ramesh